000 00290nam a2200121Ia 4500
008 191201s2007 xx 000 0 und d
100 _aSINGH, S.K.
245 0 _aBasics of Economics and Management
260 _aN. Delhi
_bBharat Pub
_c2007
300 _a376
650 _aMBA
942 _2ddc
_cBK
999 _c343
_d343